LEADER 01200nam a2200265 i 4500 001 000000241106 003 CaOOAMICUS 005 20231127144402.0 008 150422s1827 it u000 u ita u 026 $aTERE o,o, neo, aclu (3) 1827 (A) 040 $aSeMil$bita 100 1 $aBonsignore, Stefano.$0(OLS)http://semarc/name/81673 245 10$aCommentari di Stefano Bonsignore :$bversi ed inscrizioni in onore di lui. 260 $aFaenza :$bTipi Montanari e Marabini,$c1827. 300 $a155, [5] p., [1] c. di tav. :$britr. ;$c24 cm. 500 $aSegn.: a-k8 (k8 bianca) 500 $aA cura di Giovanni Gucci, dedicatore 500 $aRitratto inciso da Giuseppe Marri 700 1 $aGucci, Giovanni,$d<1776-1829>.$0(OLS)http://semarc/name/81672 700 1 $aMontanari & Marabini,$c.$0(OLS)http://semarc/name/11112 850 $aSeMil 852 $aSeMil$W1$xVenegono$y1$m3E III 6 FA$j191452$B191452$CSeMilBibl$Z2$F202260 $8I 996 $6245$aCommentari di Stefano Bonsignore :$bversi ed inscrizioni in onore di lui$9(OLS)http://semarc/title/342785 996 $6260$aFaenza :$bTipi Montanari e Marabini$9(OLS)http://semarc/publisher/54539 LEADER 00819nam a2200205 i 4500 001 000000020180 003 CaOOAMICUS 005 20210223120907.0 008 180830s1959 fr u000 u und u 040 $aSeMil$bita 100 1 $aPéguy, Charles <1873-1914>.$0(OLS)http://semarc/name/9036 245 10$aOeuvres en prose /$cCharles Péguy ; introduction et notes par Marcel Péguy. 260 $a[Paris] :$bGallimard,$c1959-1961. 300 $a2 v. ;$c19 cm. 700 1 $aPéguy, Marcel <1898-1972>.$0(OLS)http://semarc/name/9037 774 0 $t1: 1898-1908.$kBibliothèque de la Pléiade$w()39084 774 0 $t1909-1914.$kBibliothèque de la Pléiade$w()39083 996 $6245$aOeuvres en prose$9(OLS)http://semarc/title/26576 996 $6260$a[Paris] :$bGallimard$9(OLS)http://semarc/publisher/30050